Normal view MARC view
  • Clarke, R. J

Entry Personal Name

Number of records used in: 2

001 - CONTROL NUMBER

  • control field: 56006

003 - CONTROL NUMBER IDENTIFIER

  • control field: NUST

005 - DATE AND TIME OF LATEST TRANSACTION

  • control field: 20210628201618.0

008 - FIXED-LENGTH DATA ELEMENTS

  • fixed length control field: 210628|| aca||aabn | a|a d

040 ## - CATALOGING SOURCE

  • Original cataloging agency: NUST
  • Transcribing agency: NUST

100 ## - HEADING--PERSONAL NAME

  • Personal name: Clarke, R. J

670 ## - SOURCE DATA FOUND

  • Source citation: Work cat.: (NUST): Clarke, R. J., Digital compression of still images and video;SIGNALPROCESSING AND ITS APPLICATIONS , c1995.
© 2023 Central Library, National University of Sciences and Technology. All Rights Reserved.